Термодинамика и теплопередача. Ч. 1 : Термодинамика: учебное пособие; в 2 ч.

Manylion Llyfryddiaeth
Prif Awdur: Крайнов А. В. Александр Валерьевич
Awdur Corfforaethol: Национальный исследовательский Томский политехнический университет
Awduron Eraill: Пашков Е. Н. Евгений Николаевич
Crynodeb:Заглавие с титульного экрана
В пособии приведены основные теоретические сведения по темам практических занятий, сформулированы практические задания и вопросы для аудиторной и самостоятельной работы студентов и приведен комплекс контрольно-измерительных материалов для оценки их знаний. Представленные приложения содержат весь необходимый для проведения занятий справочный материал. Комплексность изложения и широкий охват специального материала позволяют использовать учебное пособие в системе элитного технического образования и повышения квалификации или самостоятельно. Предназначено для студентов технических специальностей всех форм обучения.
Режим доступа: из корпоративной сети ТПУ
Iaith:Rwseg
Cyhoeddwyd: Томск, Изд-во ТПУ, 2017
Pynciau:
Mynediad Ar-lein:http://www.lib.tpu.ru/fulltext2/m/2017/m053.pdf
Fformat: Electronig Llyfr
KOHA link:https://koha.lib.tpu.ru/cgi-bin/koha/opac-detail.pl?biblionumber=333967

MARC

LEADER 00000nam0a2200000 4500
001 333967
005 20250616144513.0
035 |a (RuTPU)RU\TPU\book\359983 
090 |a 333967 
100 |a 20170705d2017 m y0rusy50 ca 
101 0 |a rus 
102 |a RU 
105 |a a j 001zy 
135 |a drgn ---uucaa 
181 0 |a i  
182 0 |a b 
200 1 |a Термодинамика и теплопередача. Ч. 1 : Термодинамика  |e учебное пособие  |e в 2 ч.  |f А. В. Крайнов, Е. Н. Пашков  |g Национальный исследовательский Томский политехнический университет (ТПУ) 
203 |a Текст  |c электронный 
210 |d 2017  |a Томск  |c Изд-во ТПУ 
300 |a Заглавие с титульного экрана 
330 |a В пособии приведены основные теоретические сведения по темам практических занятий, сформулированы практические задания и вопросы для аудиторной и самостоятельной работы студентов и приведен комплекс контрольно-измерительных материалов для оценки их знаний. Представленные приложения содержат весь необходимый для проведения занятий справочный материал. Комплексность изложения и широкий охват специального материала позволяют использовать учебное пособие в системе элитного технического образования и повышения квалификации или самостоятельно. Предназначено для студентов технических специальностей всех форм обучения. 
333 |a Режим доступа: из корпоративной сети ТПУ 
606 1 |a Термодинамика  |2 stltpush  |3 (RuTPU)RU\TPU\subj\59922  |9 77416 
610 1 |a электронный ресурс 
610 1 |a труды учёных ТПУ 
610 1 |a учебные пособия 
610 1 |a теоретические сведения 
610 1 |a практические занятия 
610 1 |a аудиторные занятия 
610 1 |a самостоятельная работа 
610 1 |a контрольно-измерительные материалы 
610 1 |a справочные материалы 
610 1 |a погрешности измерения 
610 1 |a математическая обработка 
610 1 |a теоретические основы 
610 1 |a идеальные газы 
610 1 |a теплоемкость 
610 1 |a воды 
610 1 |a водяные пары 
610 1 |a дросселирование 
610 1 |a компрессоры 
610 1 |a газотурбинные установки 
610 1 |a паротурбинные установки 
610 1 |a холодильные машины 
675 |a 536.7(075.8)  |v 3 
700 1 |a Крайнов  |b А. В.  |c специалист в области теплотехники  |c доцент Томского политехнического университета, кандидат физико-математических наук  |f 1974-  |g Александр Валерьевич  |9 11865 
701 1 |a Пашков  |b Е. Н.  |c специалист в области машиностроения  |c доцент Томского политехнического университета, кандидат технических наук  |f 1975-  |g Евгений Николаевич  |9 12808 
712 0 2 |a Национальный исследовательский Томский политехнический университет  |c (2009- )  |9 26305 
801 2 |a RU  |b 63413507  |c 20170705  |g RCR 
850 |a 63413507 
856 4 |u http://www.lib.tpu.ru/fulltext2/m/2017/m053.pdf 
942 |c CF